Incas aos bocadinhos (Registo nº 422)

Detalhes MARC
000 -Etiqueta do registo
Cabeçalho 00752nam0a2200265 4500
005 - Identificador da versão
Campo de controlo 20240813121803.0
010 ## - Número internacional normalizado dos livros (ISBN)
Número (ISBN) 9721049123
021 ## - Número do Depósito Legal
Código do país PT
Número 169246/01
100 ## - Dados gerais de processamento
Dados gerais de processamento 20160613d2001 am y0pory5003 ba
102 ## - Pais de publicação ou produção
País de publicação Portugal
101 1# - Língua de publicação
Língua do texto, banda sonora, etc. Português
Língua do documento no original Inglês
215 ## - Descrição física 
Indicação específica da natureza do documento e extensão da espécie 126, [2] p.
Outras indicações físicas il
200 1# - Titulo e menção de responsabilidade
Título próprio Incas aos bocadinhos
Primeira menção de responsabilidade Terry Deary
Outras menções de responsabilidade il. Philip Reeve
225 2# - Colecção 
Título próprio da colecção História horrível
210 ## - Publicação, Distribuição, etc. 
Lugar da edição, distribuição, etc. Mem Martins
Nome do editor, distribuidor, etc. Europa-América
Data da publicação, distribuição, etc. 2001
606 ## - Nome comum usado como assunto
Número de registo de entrada de autoridade 0002992
Palavra de ordem Incas (povo)
Subdivisão de assunto civilização
Código do sistema CA
675 ## - Classificação Decimal Universal (CDU)
Notação 94(728/8)
Edição 3ª ed.
Língua da edição por
702 ## - Nome de autor-pessoa física (responsabilidade secundária)
Número de registo de entrada de autoridade 0000436
Palavra de ordem Reeve
Outra parte do nome não tomada para palavra de ordem Philip
Código de função Ilustrador / Técnico de desenho computorizado
Número de registo de entrada de autoridade 0000491
Palavra de ordem Pereira
Outra parte do nome não tomada para palavra de ordem Sofia
Código de função Tradutor
700 ## - Nome de autor-pessoa física (responsabilidade principal)
Número de registo de entrada de autoridade 0000477
Palavra de ordem Deary
Outra parte do nome não tomada para palavra de ordem Terry
966 ## - Identificação da Biblioteca
Sigla EB2,3ENM
942 ## - Elementos de entrada adicionados (Koha)
Tipo de item no Koha Livro
Exemplares
Situação do levantamento Origin of item (home branch) (coded) Biblioteca de empréstimo Código de barras Cota Circulation type (not for loan) Tipo de documento Nota do exemplar Damaged status
  Biblioteca Escolar Eng. Nuno Mergulhão Biblioteca Escolar Eng. Nuno Mergulhão BENM515 94 DEA   Livro Sem mensagem